书目信息 |
| 题名: |
清末民初云烟录
|
|
| 作者: | 申君 著 | |
| 分册: | ||
| 出版信息: | 成都 四川人民出版社 1984.6 |
|
| 页数: | 150页 | |
| 开本: | 20cm | |
| 丛书名: | ||
| 单 册: | ||
| 中图分类: | K252.06 | |
| 科图分类: | ||
| 主题词: | 中国--历史--1840~1949 | |
| 电子资源: | ||
| ISBN: | ||
| 000 | 00559nam0 2200205 45 | |
| 001 | 0312221749 | |
| 005 | 20040506152951.8 | |
| 010 | @dCNY0.69 | |
| 091 | @a11118.123 | |
| 100 | @a20031222d1984 km y0chiy0120 ea | |
| 101 | @achi | |
| 105 | @a z 000yy | |
| 200 | 1 | @a清末民初云烟录@AQing Mo Min Chu Yun Yan Lu@f申君著@FShen Jun Zhu |
| 210 | @a成都@c四川人民出版社@d1984.6 | |
| 215 | @a150页@d20cm | |
| 606 | 0 | @a中国@x历史@z1840~1949 |
| 690 | @aK252.06@v3 | |
| 701 | 0 | @a申君@4著 |
| 801 | @aCN@bTSTCL@c20031222 | |
| 905 | @dK252.06@e11@f1@b217315 | |
| 清末民初云烟录/申君著.-成都:四川人民出版社,1984.6 |
| 150页;20cm |
| ISBN :CNY0.69 |
| ● |
| 相关链接 |
|
|
|
|
正题名:清末民初云烟录
索取号:K252.06/11
 
预约/预借
| 序号 | 登录号 | 条形码 | 馆藏地/架位号 | 状态 | 备注 |
| 1 | 0217315 | 000752867 | 第二借阅区/ [索取号:K252.06/11] | 在馆 | |
| 2 | 0217316 | 000752876 | 第二样本阅览室/ [索取号:K252.06/11] | 在馆 |